Najbardziej Nadawane imiona żeńskie w polsce 2023 top 100 - Statystyki

Ogólne statystyki
  • Ten quiz został rozwiązany 709 razy
  • Średni wynik to 36 z 100
Statystyki odpowiedzi
Miejsce Imie % Poprawnych
27 Anna
91%
4 Julia
84%
1 Zuzanna
78%
17 Wiktoria
75%
2 Zofia
75%
3 Hanna
73%
20 Aleksandra
72%
7 Oliwia
70%
9 Lena
69%
38 Weronika
69%
11 Maria
68%
26 Natalia
68%
5 Maja
66%
74 Katarzyna
65%
39 Barbara
61%
62 Ewa
60%
47 Karolina
60%
49 Magdalena
58%
14 Amelia
56%
65 Paulina
56%
8 Alicja
54%
77 Patrycja
53%
15 Iga
52%
80 Daria
51%
60 Joanna
51%
43 Martyna
51%
12 Emilia
49%
70 Marta
48%
10 Pola
48%
68 Dominika
47%
6 Laura
47%
21 Helena
46%
37 Nikola
46%
23 Gabriela
45%
75 Klaudia
44%
25 Nadia
44%
13 Antonina
43%
59 Małgorzata
42%
53 Kinga
41%
28 Kornelia
41%
32 Milena
41%
48 Agata
40%
92 Lilia
39%
58 Izabela
38%
89 Kamila
38%
29 Łucja
38%
18 Michalina
38%
66 Urszula
38%
41 Róża
37%
30 Jagoda
35%
33 Lilianna
34%
16 Marcelina
34%
79 Olga
34%
84 Dorota
33%
36 Nina
32%
22 Klara
31%
46 Sara
30%
94 Celina
28%
19 Liliana
27%
34 Anastazja
25%
42 Aniela
25%
52 Eliza
25%
24 Blanka
23%
35 Kaja
23%
61 Lidia
23%
55 Marianna
23%
81 Nel
23%
96 Jadwiga
22%
45 Rozalia
22%
87 Ada
20%
54 Adrianna
20%
72 Ida
20%
50 Liwia
20%
71 Malwina
20%
44 Matylda
18%
40 Mia
16%
31 Nela
16%
69 Wanda
16%
56 Aurelia
15%
63 Bianka
15%
83 Luiza
15%
76 Diana
14%
51 Gaja
14%
99 Inga
13%
57 Kalina
13%
98 Lila
13%
64 Melania
13%
73 Apolonia
11%
91 Marika
11%
67 Zoja
10%
95 Lea
9%
82 Stefania
8%
90 Emma
7%
86 Rita
7%
97 Adela
6%
85 Elena
6%
78 Jagna
6%
93 Sofia
6%
100 Inka
3%
88 Lara
3%
Nie znaleziono quizów pasujących do podanych kryteriów
Rozkład punktacji
Procent ludzi z każdym wynikiem
Percentyl według liczby udzielonych odpowiedzi
Twoja historia wyników
Nie rozwiązałeś tego quizu